LEADER 01890nam a2200289 i 4500 001 000000146846 003 CaOOAMICUS 005 20220112135144.0 008 131217s1704 fr u000 u lat u 013 $a123766 026 $as.am 17t. onbi lo*C (3) 1704 (R) 040 $aSeMil$bita 100 1 $aBarbosa, Agostinho,$d<1590-1649>.$0(OLS)http://semarc/name/12484 245 10$aAugustini Barbosae, ... Collectanea doctorum, qui in suis operibus Concilii Tridentini loca referentes; illorum materiam incidenter tractarunt, et varias quaestiones, in foro ecclesiastico versantibus maxime utiles, deciderunt . 250 $aHac ultima editione ab ipso auctore recognita, et quamplurimorum additamentorum accessione sesquiamplius aucta. Cum summariis, et quinque indicibus copiosis 260 $aLugduni :$bSumptibus Petri Borde, et Joannis Arnaud,$c1704. 300 $a[28], 492, [64] p. ;$cfol. 500 $aFront. stampati in rosso e nero. - Iniz., fregi xilogr. - Testo su due colonne 500 $aSegn.: ã4 e6 i4 A-2Y6 2Z-3A4 500 $aMarca: La Fortuna, il Tempo, la Virtù. Motto: Semina fortunae geminat cum tempore virtus. (Repertorio consultato: Marques d'impressors, Univ. di Barcellona) 700 1 $aArnaud, Jean,$c.$0(OLS)http://semarc/name/12720 700 1 $aBorde, Pierre,$c.$0(OLS)http://semarc/name/12485 850 $aSeMil 852 $aSeMil$W1$xVenegono$y1$m2F VI 89 FA$j99461$B99461$CSeMilBibl$Z2$F0 $8I 996 $6245$aAugustini Barbosae, ... Collectanea doctorum, qui in suis operibus Concilii Tridentini loca referentes; illorum materiam incidenter tractarunt, et varias quaestiones, in foro ecclesiastico versantibus maxime utiles, deciderunt .$9(OLS)http://semarc/title/214760 996 $6260$aLugduni :$bSumptibus Petri Borde, et Joannis Arnaud$9(OLS)http://semarc/publisher/47741 LEADER 01322nam a2200277 4500 001 000000350892 003 CaOOAMICUS 005 20220712094738.0 008 220712s1999 it a 000 u ita r 040 $aSeMil$bita 100 1 $aMerisio, Pepi,$d<1931- >.$0(OLS)http://semarc/name/5797 245 10$aAnno Domini 2000 :$bun viaggio nel tempo dal 1000 al 1500 /$cfotografie Pepi Merisio ; presentazione e testi Riccardo Maisano ; con dodici disegni originali di Ariel Auslender ... [et al.]. 264 1$a[Roma] :$bECRA,$c1999. 300 $a256 p. :$bill. ;$c32 cm 490 1 $aItalia della nostra gente 500 $aIn calce al front.: Primo volume 650 4$aArte - Italia - Sec. 12.-16.$0(OLS)http://semarc/subject/52636 700 1 $aMaisano, Riccardo,$d<1947- >.$0(OLS)http://semarc/name/3862 700 1 $aAuslender, Ariel.$0(OLS)http://semarc/name/116176 830 0$aItalia della nostra gente.$0(OLS)http://semarc/title/15105 850 $aSeMil 852 $aSeMil$W1$xVenegono$y1$m5F XVI 16/1$j233561$B241943$CSeMilBibl$Z2$F241943 $81 961 $aCastagna don Enrico - Omaggio 996 $6245$aAnno Domini 2000 :$bun viaggio nel tempo dal 1000 al 1500$9(OLS)http://semarc/title/440696 996 $6264$a[Roma] :$bECRA$9(OLS)http://semarc/publisher/60500